Los Meses del Año en 15 segundos - Estadísticas

Estadísticas generales
  • Esta prueba ha sido intentada 891 veces
  • La puntuación promedio es 7 de 12
Estadísticas de respuestas
Hint Respuesta % Correcto
1 Enero
99%
2 Febrero
89%
3 Marzo
85%
4 Abril
84%
5 Mayo
77%
6 Junio
71%
7 Julio
66%
8 Agosto
55%
9 Septiembre
42%
10 Octubre
23%
11 Noviembre
21%
12 Diciembre
16%
No se encontraron pruebas coincidentes
Distribución de puntuación
Porcentaje de gente con cada puntuación
Porcentaje por número respondido
Historial de tus puntuaciones
No has intentado esta prueba.